00698 2200193 4500001002100000005001700021008004100038035002400079082000800103090001700111100002000128245014900148260008700297300004500384500001700429504003000446650001000476990001800486YOGYA-0413000000006120130422085442.0 ind  0010-041300000000060 a333 aSK 333 Hen S aHENDI SYAIFUDIN aStudi pelaksanaan catur tertib pertanahan di Desa Pagerharjo Kecamatan Samigaluh Kabupaten Daerah Tingkat II Kulon Progo/coleh Hendi Syaifudin. aYogyakarta :bBadan Pertanahan Nasional Sekolah Tinggi Pertanahan Nasional,c1998. axv, 83(38) lbr. :bilus., lamp. ;c29 cm aSkripsi STPN aBibliografi : (lbr.84-86) aTanah a44696-PD/A.12